| 000 | 01241nam0a22002531 4500 | ||
|---|---|---|---|
| 001 | rc\3650544 | ||
| 005 | 20250610091355.0 | ||
| 021 |
_aRU _b[72-41953] |
||
| 035 | _a(NLR Aleph) 007833469 | ||
| 090 |
_a9755856 _c9755856 |
||
| 100 | _a20130115d1972 |||y0rusy50 ca | ||
| 101 | 0 | _arus | |
| 102 | _aRU | ||
| 105 | _ay z ||||| | ||
| 200 | 1 |
_aТезисы докладов _fМоск. гор. совет НТО. Моск. гор. и обл. правл. Науч.-техн. о-ва машиностроит. пром-сти. XVI Моск. науч.-техн. конф. по итогам науч. и произв. работ за 1970-1971 гг. в области сварочного производства. 29-30 мая 1972 г. |
|
| 210 |
_aМосква _cБ. и. _d1972 |
||
| 215 |
_a128 с. _d20 |
||
| 606 |
_aСварка _jТезисы докладов _2psbo |
||
| 710 | 1 | 2 | _aМосковская гор. научно-техническая конференция по итогам научных и производственных работ в области сварочного производства (16; 1972) |
| 801 | 0 |
_aRU _bNLR _gpsbo |
|
| 801 | 1 |
_aRU _bELAR _2rusmarc |
|
| 852 |
_aNLR _j72-3/5088 |
||
| 942 | _cBOOK | ||
| 980 | _aNB | ||